000 00501cam a22002054a 4500
005 20250605164306.0
008 250528s ||||||||||||||||||||||||d
035 _a22256
020 _a9781138916593
040 _aGR-AtMCL
_bgre
_dGR-AtMCL
_eAACR2
245 1 _aPRESENTING YOUR DATA WITH SPSS EXPLAINED
250 _a1
260 _bRouledge,
_c2017
300 _a343
700 1 _aHinton Perry
_93236
700 1 _aMcmurray Isabella
_98126
942 _cBK
999 _c7312
_d7312